• 首页
  • 本馆介绍
  • 公告通知
  • 最新文献
  • 馆藏检索
  • 电子资源
  • 读者导购
  • 参考咨询
  • 我的图书馆
  • 登录
  • 详细信息显示
  • 放入我的书架
  • 预约/预借图书
  • 作者相关作品
  • 分类相关作品
  • 丛书相关作品
  • 出版社相关作品

书目信息

  • 表格格式
  • 工作单格式
  • 卡片格式
题名:
加速器原理
    
 
作者: 徐建铭 编著
分册:  
出版信息: 北京   科学出版社  1981
页数: 510页
开本: 21cm
丛书名:
单 册:
中图分类: TL5
科图分类:
主题词: 加速器
电子资源:
ISBN:
000 00610nam0 2200241 45
001 0181004213
005 20040521090811.6
010    @dCNY2.00
091    @aCN@b13031.1647
100    @a19950607d1981 em y0chiy0121 ea
101 0  @achi
102    @aCN@b110000
105    @ay z 000yy
106    @ar
200 10 @a加速器原理@Ajia su qi yuan li@f徐建铭编著
210    @a北京@c科学出版社@d1981
215    @a510页@d21cm
606 0  @a加速器
690    @aTL5
701  0 @a徐建铭@Axu jian ming@4编著
801  0 @aCN@b上海图书馆@c20040521
801  2 @aCN@bNLC@c20040521
905    @f1@b10021@dTL5@e1@b10023@f1
    
    加速器原理/徐建铭编著.-北京:科学出版社,1981
    510页;21cm
    
    
    ISBN :CNY2.00
    
●
相关链接 在E读中查询图书 在五车中查询图书 在当当中查询图书 在豆瓣中查询图书


正题名:加速器原理     索取号:TL5/1         预约/预借

序号 登录号 条形码 馆藏地/架位号 状态 备注
1 0008947   001366578   第二样本阅览室/ [索取号:TL5/1] 在馆    
2 0010021   000799167   密集书库/ [索取号:TL5/1] 在馆    
3 0010022   202168705   第三借阅区/ [索取号:TL5/1] 在馆    
4 0010023   000799201   第三借阅区/ [索取号:TL5/1] 在馆    
唐山师范学院图书馆 欢迎您!
大连网信软件有限公司© 版权所有